000
00264nam a22000977a 4500
005
20250901165434.0
008
210331b ||||| |||| 00| 0 eng d
050
_a
HD62.4 .S74 2007
245
_a
Managing complexity in global organizations
_c
STEGER, ULRICH
942
_2
lcc
999
_c
3996
_d
3996